50 Maiores Países no Mapa do Mundo - Statistics

Estatísticas Gerais
  • Esse quiz foi jogado 10 742 vezes
  • A pontuação média é 32 de 50
Respostas no mapa
Respostas codificadas por cores de uma escala verde-vermelha no mapa do quiz de acordo com a % correta abaixo.
 
Estatísticas das Respostas
Resposta % Correto
Rússia
95%
Brasil
91%
Austrália
89%
Canadá
89%
Estados Unidos
89%
Argentina
87%
China
87%
Índia
84%
México
82%
África do Sul
74%
Chile
74%
Indonésia
74%
Arábia Saudita
73%
Cazaquistão
73%
Peru
73%
Bolívia
72%
França
72%
Mongólia
72%
Madagascar
71%
Venezuela
71%
Egito
70%
Argélia
68%
Colômbia
68%
Ucrânia
67%
Turquia
65%
Irã
60%
Iêmen
59%
Líbia
59%
Tailândia
59%
Angola
57%
Paquistão
57%
RD Congo
57%
Sudão
57%
Somália
56%
Afeganistão
55%
Moçambique
54%
Etiópia
53%
Rep. Centro-Africana
52%
Sudão do Sul
50%
Chade
49%
Mauritânia
49%
Namíbia
49%
Nigéria
49%
Níger
48%
Mali
47%
Botswana
46%
Quênia
46%
Birmânia
45%
Zâmbia
43%
Tanzânia
41%
Nenhum quiz correspondente encontrado
Distribuição das Pontuações
Porcentagem de Pessoas com Cada Pontuação
Percentil de Números Respondidos
Sua Pontuação Histórica
Você não jogou esse quiz